000 00333nam a2200145Ia 4500
003 OSt
005 20240322125210.0
008 170523s9999 xx 000 0 und d
020 _a 9788120350847
040 _cIIMT UNIVERSITY
100 _aMUKHOPADHYAY
245 0 _aPRODUCTS PLANNING AND CONTROL
260 _bPHI
942 _2ddc
_c02
999 _c1855
_d1855